000 00559nam a2200205 i 4500
001 C2-0280870
003 PPAK
005 20180728011652.0
008 070719s xx a|||| ||||| | eng d
040 _aPPAK
_beng
_cPPAK
_erda
082 0 4 _a297.55
_223
090 0 0 _a297.55
_bSHA
_dKSA
245 0 4 _aThe Journal of Islamic Awareness
300 _a32 pages :
_bcolour illustrations ;
_c24 cm
336 _2rdacontent
_atext
337 _2rdamedia
_aunmediated
338 _2rdacarrier
_avolume
650 1 0 _aMuslim pilgrims and pilgrimages.
942 _ddc
_cB
999 _c87338
_d87338